|
|
|
|
| LEADER |
00717nam a2200205Ia 4500 |
| 001 |
TDMU_7007 |
| 008 |
210410s9999 xx 000 0 und d |
| 082 |
|
|
|a 895.9221
|
| 090 |
|
|
|b NG527
|
| 100 |
|
|
|a Nguyễn, Bùi Vợi
|
| 245 |
|
0 |
|a Tuyển tập thơ thầy giáo và nhà trường
|
| 245 |
|
0 |
|c Nguyễn Bùi Vợi (chủ biên)
|
| 260 |
|
|
|a H.
|
| 260 |
|
|
|b Giáo dục
|
| 260 |
|
|
|c 1999
|
| 300 |
|
|
|a 580tr
|
| 650 |
|
|
|a Thơ; Thầy giáo; Nhà trường
|
| 700 |
|
|
|a Hoàng, Vũ Thuật (sưu tầm. tuyển chọn)
|
| 856 |
|
|
|u http://lrc.tdmu.edu.vn/opac/search/detail.asp?aID=2&ID=7007
|
| 980 |
|
|
|a Trung tâm Học liệu Trường Đại học Thủ Dầu Một
|